[Gerichts-Ordnung der königlichen Stadt Danzig]

Titel: [Gerichts-Ordnung der königlichen Stadt Danzig]
Veröffentlicht: 1589
Format: Mikrofilm
Sprache: Deutsch
Kein Bild verfügbar
X
Lokale Klassifikation: 7 12 F
alg: 12468061
001A    $03004:11-11-04 
001B    $01999:26-05-23 $t18:26:12.000 
001C    $03004:11-11-04 $t10:13:09.000 
001D    $03004:11-11-04 
001U    $0utf8 
001X    $00 
002@    $0Ear 
003@    $0124680615 
003O    $0177314552 $aOCoLC 
007A    $0124680615 $aHEB 
007T    $0Herdhh124680615 
010@    $ager 
011@    $a1589 
011B    $a19XX $n[o.J.] 
016E    $au 
021A    $a[Gerichts-Ordnung der königlichen Stadt Danzig] 
032C    $a[Mikrofilm-Ausg.] 
033P    $pWarszawa, Biblioteka Narodowa 
036L    $aMikrofilm der Biblioteka Narodowa $l2447 
045F    $a340.09 $eDDC23BSB 
045F/01 $a340.09 
045F/03 $f0903 
045F/03 $f09041 
045F/03 $g4382 
045G    $a351.09 $eDDC23BSB 
045G/01 $a351.09 
045G/03 $g4382 
045G/03 $g43832 
046L    $aHandschr. 

lok: 12468061 24
101B    $011-11-04 $t10:13:09.000 
101C    $011-11-04 
145Z/01 $a7 12 F 
101U    $0utf8 

exp: 12468061 24 1 #EPN
201B/01 $011-11-04 $t10:13:09.000 
201C/01 $011-11-04 
203@/01 $0221733477 
208@/01 $a11-11-04 $br 
209A/01 $aFk 209 $du $f050 $hFK 209 $x00 
209A/01 $a7 XII F 18 $h7 12 F 18 $x09 
247C/01 $8358050-7 Marburg, Bibliothek des Herder-Instituts Marburg $9102600961 
201U/01 $0utf8 

exp: 12468061 24 2 #EPN
201B/02 $011-11-04 $t10:13:09.000 
201C/02 $011-11-04 
203@/02 $0221733485 
208@/02 $a11-11-04 $br 
209A/02 $aFk 287 $du $f050 $hFK 287 $x00 
220C/02 $agro 
247C/02 $8358050-7 Marburg, Bibliothek des Herder-Instituts Marburg $9102600961 
201U/02 $0utf8 

lok: 12468061 78

exp: 12468061 78 1 #EPN
201B/01 $026-11-17 $t04:59:47.000 
201U/01 $0utf8 
203@/01 $0793718449 
208@/01 $a12-11-16 $be 
209A/01 $a/ $f000 $x00 
237A/01 $aHandschr. - weiterführende Signatur(en): Herder-Institut: Fk 209 
244Z/01 $2Trx $#Prusy Wschodnie i Zachodnie $8--Trx--Ost- und Westpreußen $x01 $939113373X 
244Z/01 $#Danzig $#Ville Libre de Danzig $#Dantzig $#Ville Libre de Dantzig $#Freistaat Danzig $#Gdańsk $#Freie Stadt Danzig $#Urząd Miejski w Gdańsku $#Gyddanzyc $#Gedanum $#Dantiscum $74011039-4 $8--Tg1--Danzig $x02 $9085022225 
245Z/01 $a07.01 $x01 
247C/01 $82080>Marburg/Lahn, Herder-Institut, Forschungsbibliothek, Bibliographieportal $9336309341
LEADER 00000cam a22000002c 4500
001 124680615
003 DE-603
005 20230526182612.0
007 hu ||||||uz|z
008 041111s1589 xx |||| a| u00||u|ger c
035 |a (DE-599)HEB124680615 
035 |a (OCoLC)177314552 
040 |a DE-603  |b ger  |c DE-603  |d DE-603 
041 |a ger 
082 0 4 |8 1\u  |a 340.09  |q DE-101  |2 23/BSB 
083 0 |8 2\u  |a 351.09  |q DE-101  |2 23/BSB 
085 |8 1\u  |b 340.09 
085 |8 1\u  |z 1  |s 0903 
085 |8 1\u  |z 1  |s 09041 
085 |8 1\u  |z 2  |s 4382 
085 |8 2\u  |b 351.09 
085 |8 2\u  |z 2  |s 4382 
085 |8 2\u  |z 2  |s 43832 
245 0 0 |a [Gerichts-Ordnung der königlichen Stadt Danzig] 
264 0 |c 1589 
533 |b Warszawa, Biblioteka Narodowa  |c [Verlag nicht ermittelbar]  |d [o.J.]  |f Mikrofilm der Biblioteka Narodowa ; 2447  |7 s19XXuuuuxx u|  |n [Mikrofilm-Ausg.] 
546 |a Handschr. 
924 0 |9 Mb 50  |a (DE-603)221733477  |b DE-Mb50  |c HES  |d c  |g Fk 209  |i 7 XII F 18 
924 0 |9 Mb 50  |a (DE-603)221733485  |b DE-Mb50  |c HES  |d c  |g Fk 287 
924 0 |9 2080  |a (DE-603)793718449  |b DE-2080  |c HES  |d d  |g /